Tô Hoài đời văn và tác phẩm : Trò chuyện, ghi chép và nghiên cứu về nhà văn Tô Hoài
Nội dung quyển sách là những ghi chép, trò chuyện, bàn luận của tác giả với Tồ Hoài; Những nghiên cứu phê bình của tác giả về các tác phẩm văn chương của Tô Hoài
Đã lưu trong:
| 主要作者: | |
|---|---|
| 格式: | 圖書 |
| 語言: | Undetermined |
| 出版: |
Hà Nội
Văn học
2007
|
| 主題: | |
| 標簽: |
添加標簽
沒有標簽, 成為第一個標記此記錄!
|
| Thư viện lưu trữ: | Trung tâm Học liệu Trường Đại học Cần Thơ |
|---|
| LEADER | 00983nam a2200229Ia 4500 | ||
|---|---|---|---|
| 001 | CTU_133737 | ||
| 008 | 210402s9999 xx 000 0 und d | ||
| 020 | |c 35000 | ||
| 082 | |a 895.9228309 | ||
| 082 | |b T450 | ||
| 100 | |a Tô Hoài | ||
| 245 | 0 | |a Tô Hoài đời văn và tác phẩm : | |
| 245 | 0 | |b Trò chuyện, ghi chép và nghiên cứu về nhà văn Tô Hoài | |
| 245 | 0 | |c Hà Minh Đức | |
| 260 | |a Hà Nội | ||
| 260 | |b Văn học | ||
| 260 | |c 2007 | ||
| 520 | |a Nội dung quyển sách là những ghi chép, trò chuyện, bàn luận của tác giả với Tồ Hoài; Những nghiên cứu phê bình của tác giả về các tác phẩm văn chương của Tô Hoài | ||
| 650 | |a vietnamese literature,Văn học Việt Nam | ||
| 650 | |x history and criticism,Lịch sử và phê bình | ||
| 904 | |i Năm | ||
| 980 | |a Trung tâm Học liệu Trường Đại học Cần Thơ | ||